Statystyki dla 15 krajów o największej liczbie zgonów Covid19 - 7 czerwca

Kliknij tutaj aby rozwiązać quiz!

Ogólne statystyki

  • Ten quiz został rozwiązany 24 razy
  • Średni wynik to 13 z 20

Statystyki odpowiedzi

kraj% Poprawnych
Stany Zjednoczone
100%
Hiszpania
96%
Rosja
92%
Włochy
92%
Meksyk
88%
Francja
83%
Brazylia
79%
Niemcy
79%
Portugalia
75%
Indie
71%
Kanada
71%
Wielka Brytania
71%
Belgia
58%
Szwecja
58%
Holandia
54%
Iran
42%
Peru
33%
Irlandia
29%
Szwajcaria
25%
Ekwador
17%

Rozkład punktacji

Percentyl według liczby udzielonych odpowiedzi

Procent ludzi z każdym wynikiem

Twoja historia wyników

Nie rozwiązałeś tego quizu